| Tag |
First Indicator |
Second Indicator |
Subfields |
| LEADER |
00000cam a2200000 a 4500 |
| 001 |
in00000071840 |
| 005 |
20160105150033.0 |
| 008 |
800318s1980 ne a b 10010 engm |
| 010 |
|
|
|a 80013294
|
| 020 |
|
|
|a 9027711119
|
| 035 |
|
|
|a (OCoLC)06195191
|
| 035 |
|
|
|9 AAK0189AM
|
| 040 |
|
|
|a DLC
|c DLC
|d m.c.
|d OCL
|d TXA
|d UtOrBLW
|
| 041 |
0 |
|
|a eng
|a fre
|
| 049 |
|
|
|a TXAM
|c [1441967]
|
| 050 |
0 |
0 |
|a TJ163.15
|b .I55 1979
|
| 082 |
0 |
|
|a 333.79
|
| 111 |
2 |
|
|a International Conference on Energy Systems Analysis
|d (1979 :
|c Dublin, Ireland)
|
| 245 |
1 |
0 |
|a Energy systems analysis :
|b proceedings of the International Conference, held in Dublin, Ireland, 9-11 October 1979 /
|c edited by R. Kavanagh.
|
| 264 |
|
1 |
|a Dordrecht, Holland ;
|a Boston :
|b D. Reidel ;
|c [1980]
|
| 264 |
|
2 |
|a Hingham MA :
|b Sold and distributed in the U.S.A. and Canada by Kluwer Boston,
|
| 264 |
|
4 |
|c ©1980
|
| 300 |
|
|
|a xvi, 678 pages :
|b illustrations ;
|c 24 cm.
|
| 336 |
|
|
|a text
|b txt
|2 rdacontent
|
| 337 |
|
|
|a unmediated
|b n
|2 rdamedia
|
| 338 |
|
|
|a volume
|b nc
|2 rdacarrier
|
| 500 |
|
|
|a Organized by the Commission of the European Communities and the National Board for Science and Technology.
|
| 504 |
|
|
|a Includes bibliographical references.
|
| 650 |
|
0 |
|a Power resources
|x Mathematical models
|x Congresses.
|
| 650 |
|
0 |
|a Energy policy
|x Mathematical models
|x Congresses.
|
| 650 |
|
0 |
|a System analysis
|v Congresses.
|
| 700 |
1 |
|
|a Kavanagh, R.
|q (Richard)
|
| 710 |
2 |
|
|a Commission of the European Communities.
|
| 710 |
1 |
|
|a Ireland.
|b National Board for Science and Technology.
|
| 999 |
|
|
|a MARS
|
| 999 |
f |
f |
|s fd353629-8ef2-3a5d-8d8b-480556b80886
|i 246fbefa-0fc5-3b31-b8c4-add241037cf0
|t 0
|
| 952 |
f |
f |
|p ric
|a Texas A&M University
|b Rellis Campus
|c Joint Library Facility
|d Remote Storage
|t 0
|e TJ163.15 .I55 1979
|h Library of Congress classification
|i unmediated -- volume
|m A14806248336
|
| 998 |
f |
f |
|a TJ163.15 .I55 1979
|t 0
|l Remote Storage
|